[Event "Velika Gorica op 10th"]
[Site "Velika Gorica"]
[Date "2012.08.27"]
[Round "7"]
[White "Kinez, Ivo"]
[Black "Bozicevic, Ivan"]
[Result "1-0"]
[WhiteElo "2136"]
[BlackElo "2057"]
[PlyCount "151"]
[EventDate "2012.08.20"]
[EventType "swiss"]
[EventRounds "9"]
[EventCountry "CRO"]
[SourceTitle "CBM 150 Extra"]
[Source "ChessBase"]
[SourceDate "2012.10.19"]
[SourceVersion "1"]
[SourceVersionDate "2012.10.19"]
[SourceQuality "1"]

1. e4 c5 2. Nf3 e6 3. d4 cxd4 4. Nxd4 Nf6 5. Bd3 a6 6. 0-0 d6 7. c4 Nc6 8. Nxc6 bxc6 9. Nc3 Be7 10. f4 0-0 11. Qe2 Nd7 12. Kh1 Nc5 13. Bc2 f5 14. b4 Nxe4 15. Nxe4 fxe4 16. Qxe4 g6 17. Bb2 d5 18. Qe2 Bf6 19. Bxf6 Qxf6 20. Bb3 Qc3 21. Rac1 Qxb4 22. cxd5 cxd5 23. Qe5 Qb5 24. Rf3 Qe8 25. Rc7 Bd7 26. h3 Rc8 27. Ra7 Rf7 28. Rxa6 Qd8 29. Kh2 Qc7 30. Qd4 Qd8 31. Ra7 Rc7 32. Qb6 Rc8 33. Qd6 Qe8 34. Re3 Rc6 35. Qb4 Qf8 36. Qd4 Qd6 37. g3 Qc5 38. Ra8+ Bc8 39. Qxc5 Rxc5 40. Rxe6 Kg7 41. Re5 Bb7 42. Rd8 Rfc7 43. g4 Rc2+ 44. Bxc2 Rxc2+ 45. Kg3 Bc6 46. g5 Kf7 47. Rc8 d4 48. Rc7+ Kf8 49. Rxc6 Rxc6 50. Rd5 Rc3+ 51. Kg4 Rd3 52. a4 Kf7 53. f5 gxf5+ 54. Kxf5 Rd1 55. Rd7+ Ke8 56. Rd5 d3 57. Ke4 d2 58. Ke3 Rh1 59. Kxd2 Rxh3 60. a5 Ke7 61. Kc2 Ke6 62. Rd3 Rh2+ 63. Kb3 Rg2 64. a6 Rxg5 65. Kb4 Rg8 66. Rh3 Rg7 67. Kc5 Kf6 68. Kb6 Re7 69. Rc3 Re1 70. Rc5 Rb1+ 71. Rb5 Ra1 72. a7 Rxa7 73. Kxa7 Kg6 74. Kb6 h5 75. Kc6 h4 76. Kd6 1-0

[Event "Velika Gorica op 10th"]
[Site "Velika Gorica"]
[Date "2012.08.23"]
[Round "4"]
[White "Bozicevic, Ivan"]
[Black "Mihalinec, Damir"]
[Result "0-1"]
[WhiteElo "2057"]
[BlackElo "2207"]
[PlyCount "66"]
[EventDate "2012.08.20"]
[EventType "swiss"]
[EventRounds "9"]
[EventCountry "CRO"]
[SourceTitle "CBM 150 Extra"]
[Source "ChessBase"]
[SourceDate "2012.10.19"]
[SourceVersion "1"]
[SourceVersionDate "2012.10.19"]
[SourceQuality "1"]

1. d4 Nf6 2. c4 g6 3. Nc3 d5 4. Nf3 Bg7 5. Qb3 dxc4 6. Qxc4 0-0 7. e4 a6 8. Be2 b5 9. Qb3 Nc6 10. e5 Be6 11. Qd1 Nd5 12. Nxd5 Qxd5 13. 0-0 f6 14. exf6 Bxf6 15. Be3 Rad8 16. Rc1 Nxd4 17. Nxd4 Bxd4 18. Bf3 Qe5 19. Bxd4 Rxd4 20. Qe1 Qf6 21. Qe3 Bxa2 22. Rxc7 e6 23. Rfc1 Bd5 24. Bxd5 exd5 25. b3 Re4 26. Qa7 d4 27. f3 Re2 28. Qb7 Qe5 29. h3 d3 30. Rc8 d2 31. Rxf8+ Kxf8 32. Rc8+ Qe8 33. Rxe8+ Rxe8 0-1

[Event "Zagreb op-B"]
[Site "Zagreb"]
[Date "2012.03.08"]
[Round "4"]
[White "Keglevic, Pavao"]
[Black "Bozicevic, Ivan"]
[Result "1-0"]
[WhiteElo "2199"]
[BlackElo "2028"]
[PlyCount "133"]
[EventDate "2012.03.05"]
[EventType "swiss"]
[EventRounds "9"]
[EventCountry "CRO"]
[SourceTitle "CBM 147 Extra"]
[Source "ChessBase"]
[SourceDate "2012.04.24"]
[SourceVersion "1"]
[SourceVersionDate "2012.04.24"]
[SourceQuality "1"]

1. d4 d5 2. c4 e5 3. dxe5 d4 4. Nf3 Nc6 5. a3 Be6 6. e3 dxe3 7. Qxd8+ Rxd8 8. Bxe3 Nge7 9. Nc3 a6 10. Ng5 Bc8 11. f4 Nf5 12. Bf2 Nfd4 13. Bd3 h6 14. Nge4 Nf3+ 15. gxf3 Rxd3 16. Ke2 Rd7 17. Nd5 Be7 18. Rhg1 Kf8 19. b4 Nd8 20. Nxe7 Kxe7 21. Nc5 g6 22. Bh4+ Ke8 23. Bf6 Rg8 24. Nxd7 Bxd7 25. Rad1 Ne6 26. f5 Nf4+ 27. Ke3 Nh5 28. fxg6 fxg6 29. Bh4 g5 30. Bg3 Ke7 31. h4 Ng7 32. hxg5 hxg5 33. f4 g4 34. Bh4+ Ke6 35. Rxd7 Kxd7 36. Ke4 Nh5 37. f5 g3 38. Kf3 g2 39. Rxg2 Rxg2 40. Kxg2 Ng7 41. f6 Nf5 42. Bf2 Ke6 43. Kf3 Nh6 44. Ke4 Nf7 45. Bg3 Ng5+ 46. Kd4 Nf7 47. Ke4 Ng5+ 48. Ke3 Nf7 49. b5 axb5 50. cxb5 b6 51. Kd4 Ng5 52. Ke3 Nf7 53. Bf4 Nd8 54. Kd3 Nf7 55. Kc4 Nd8 56. Kb4 Nf7 57. a4 Kf5 58. e6 Kxe6 59. Bxc7 Kxf6 60. Bxb6 Ke6 61. Be3 Kd7 62. Bf4 Kc8 63. a5 Kb7 64. Kc5 Nd8 65. a6+ Ka7 66. Kd6 Ka8 67. Ke7 1-0

[Event "Zagreb op-B"]
[Site "Zagreb"]
[Date "2012.03.06"]
[Round "2"]
[White "Rubil, Marko"]
[Black "Bozicevic, Ivan"]
[Result "1-0"]
[WhiteElo "2195"]
[BlackElo "2028"]
[PlyCount "61"]
[EventDate "2012.03.05"]
[EventType "swiss"]
[EventRounds "9"]
[EventCountry "CRO"]
[SourceTitle "CBM 147 Extra"]
[Source "ChessBase"]
[SourceDate "2012.04.24"]
[SourceVersion "1"]
[SourceVersionDate "2012.04.24"]
[SourceQuality "1"]

1. e4 c5 2. Nf3 e6 3. d4 cxd4 4. Nxd4 Nf6 5. Nc3 d6 6. g4 Nc6 7. g5 Nd7 8. Be3 Be7 9. h4 0-0 10. Qh5 g6 11. Qe2 a6 12. 0-0-0 Nxd4 13. Rxd4 b5 14. f4 Qa5 15. a3 Bb7 16. h5 Rfc8 17. Bg2 Nf8 18. f5 d5 19. fxg6 Bxa3 20. gxf7+ Kxf7 21. g6+ Ke8 22. Nb1 Bxb2+ 23. Kxb2 Rc7 24. Bf4 Rd7 25. exd5 Rc8 26. Rhd1 Rc4 27. Rxc4 bxc4 28. Qxc4 Bxd5 29. Bxd5 exd5 30. Qc8+ Ke7 31. Bg5+ 1-0

[Event "CRO-chT3 Center-A"]
[Site "Zagreb"]
[Date "2011.10.30"]
[Round "11.14"]
[White "Bozicevic, Ivan"]
[Black "Klement, Dubravko"]
[Result "1-0"]
[WhiteElo "2022"]
[BlackElo "1963"]
[PlyCount "81"]
[EventDate "2011.03.13"]
[EventType "team-tourn"]
[EventRounds "11"]
[EventCountry "CRO"]
[SourceTitle "EXT 2014"]
[Source "ChessBase"]
[SourceDate "2013.11.20"]
[SourceVersion "1"]
[SourceVersionDate "2013.11.20"]
[SourceQuality "1"]

1. d4 e6 2. c4 c5 3. d5 exd5 4. cxd5 d6 5. Nc3 Be7 6. e4 Bf6 7. f4 Ne7 8. Nf3 Bg4 9. Bb5+ Nd7 10. 0-0 0-0 11. a4 Ng6 12. h3 Bxf3 13. Qxf3 a6 14. Bd3 Qc7 15. g4 c4 16. Bc2 b5 17. axb5 axb5 18. Rxa8 Rxa8 19. e5 Bd8 20. e6 Ndf8 21. exf7+ Kxf7 22. Bxg6+ Nxg6 23. Qe4 Qd7 24. Qe6+ Qxe6 25. dxe6+ Ke8 26. Nxb5 Bb6+ 27. Kh1 d5 28. f5 Ne5 29. Bg5 Nc6 30. Rd1 d4 31. Nd6+ Kf8 32. Nxc4 Bd8 33. Bxd8 Rxd8 34. Nb6 Ke7 35. Nd7 Ra8 36. b4 Ra4 37. b5 Na5 38. Nb6 Ra3 39. Rxd4 Rxh3+ 40. Kg2 Re3 41. Nd5+ 1-0

[Event "CRO-chT3 Center-A"]
[Site "Zagreb"]
[Date "2011.10.16"]
[Round "8.15"]
[White "Bozicevic, Ivan"]
[Black "Fiamengo, Josko"]
[Result "1-0"]
[WhiteElo "2022"]
[BlackElo "2015"]
[PlyCount "85"]
[EventDate "2011.03.13"]
[EventType "team-tourn"]
[EventRounds "11"]
[EventCountry "CRO"]
[SourceTitle "EXT 2014"]
[Source "ChessBase"]
[SourceDate "2013.11.20"]
[SourceVersion "1"]
[SourceVersionDate "2013.11.20"]
[SourceQuality "1"]

1. d4 d5 2. c4 c6 3. Nc3 Nf6 4. Nf3 dxc4 5. a4 Bf5 6. Ne5 e6 7. f3 Bb4 8. e4 Bxe4 9. fxe4 Nxe4 10. Nf3 Nxc3 11. bxc3 Bxc3+ 12. Bd2 Bxa1 13. Qxa1 0-0 14. Bxc4 Nd7 15. 0-0 Nb6 16. Bd3 h6 17. Qe1 Qd5 18. Qg3 Kh8 19. Qh4 f5 20. Bxh6 gxh6 21. Qxh6+ Kg8 22. Qg6+ Kh8 23. Ng5 Qxd4+ 24. Kh1 Qg7 25. Qh5+ Kg8 26. Nxe6 Qg4 27. Qh6 Rf7 28. Rf4 Qd1+ 29. Bf1 Qd7 30. Rf3 f4 31. Qg6+ Rg7 32. Nxg7 Qxg7 33. Qe6+ Qf7 34. Qg4+ Qg7 35. Qxf4 Rf8 36. Bc4+ Nd5 37. Bxd5+ cxd5 38. Qxf8+ Qxf8 39. Rxf8+ Kxf8 40. Kg1 Ke7 41. Kf2 Kf6 42. Ke3 Ke5 43. h4 1-0

[Event "CRO-chT3 Center-A"]
[Site "Zagreb"]
[Date "2011.10.16"]
[Round "9.15"]
[White "Vukusic, Marin"]
[Black "Bozicevic, Ivan"]
[Result "1-0"]
[WhiteElo "2126"]
[BlackElo "2022"]
[PlyCount "41"]
[EventDate "2011.03.13"]
[EventType "team-tourn"]
[EventRounds "11"]
[EventCountry "CRO"]
[SourceTitle "EXT 2014"]
[Source "ChessBase"]
[SourceDate "2013.11.20"]
[SourceVersion "1"]
[SourceVersionDate "2013.11.20"]
[SourceQuality "1"]

1. e4 c5 2. Nf3 e6 3. Nc3 a6 4. d4 cxd4 5. Nxd4 d6 6. f4 Nc6 7. Be3 Nf6 8. Qf3 Be7 9. 0-0-0 0-0 10. g4 Nxd4 11. Rxd4 e5 12. fxe5 Nxg4 13. Rg1 Nxe5 14. Qh5 f5 15. Bh6 Bf6 16. exf5 Kh8 17. Rh4 gxh6 18. Qxh6 Bxf5 19. Nd5 Bg6 20. Rxg6 Nxg6 21. Qxh7# 1-0

[Event "CRO-chT3 Center-A"]
[Site "Zagreb"]
[Date "2011.10.02"]
[Round "7.15"]
[White "Kurecic, Mladen"]
[Black "Bozicevic, Ivan"]
[Result "0-1"]
[WhiteElo "1999"]
[BlackElo "2022"]
[PlyCount "84"]
[EventDate "2011.03.13"]
[EventType "team-tourn"]
[EventRounds "11"]
[EventCountry "CRO"]
[SourceTitle "EXT 2014"]
[Source "ChessBase"]
[SourceDate "2013.11.20"]
[SourceVersion "1"]
[SourceVersionDate "2013.11.20"]
[SourceQuality "1"]

1. d4 d5 2. c4 e5 3. cxd5 Qxd5 4. dxe5 Qxd1+ 5. Kxd1 Nc6 6. Nf3 Bf5 7. Bg5 h6 8. Bh4 g5 9. Bg3 0-0-0+ 10. Kc1 Bb4 11. a3 Ba5 12. e3 Nge7 13. b4 Bb6 14. Bc4 Be6 15. Bxe6+ fxe6 16. h3 Nf5 17. Bh2 Rhf8 18. Nc3 a5 19. b5 Nb8 20. Ra2 Nd7 21. Ne4 Nc5 22. Nxc5 Bxc5 23. a4 Rd3 24. Rd1 Ba3+ 25. Kc2 Rxd1 26. Kxd1 Bb4 27. Ke2 Ne7 28. e4 c6 29. Rc2 Kd7 30. Nd4 cxb5 31. Nxb5 Rc8 32. Rxc8 Nxc8 33. Kd3 Nb6 34. Nc3 Bxc3 35. Kxc3 Nxa4+ 36. Kc2 b5 37. f3 Kc6 38. Bg1 Nc5 39. Be3 b4 40. h4 gxh4 41. Bxc5 Kxc5 42. f4 Kd4 0-1

[Event "Zagreb op-B"]
[Site "Zagreb"]
[Date "2011.04.17"]
[Round "8"]
[White "Bozicevic, Ivan"]
[Black "Ljubic, Juro"]
[Result "0-1"]
[WhiteElo "2011"]
[BlackElo "2189"]
[PlyCount "70"]
[EventDate "2011.04.11"]
[EventType "swiss"]
[EventRounds "9"]
[EventCountry "CRO"]
[SourceTitle "CBM 141 Extra"]
[Source "ChessBase"]
[SourceDate "2011.05.03"]
[SourceVersion "1"]
[SourceVersionDate "2011.05.03"]
[SourceQuality "1"]

1. d4 Nf6 2. c4 e6 3. Nc3 Bb4 4. e3 0-0 5. Nf3 b6 6. Be2 Ne4 7. Qc2 Bb7 8. 0-0 f5 9. Na4 Be7 10. a3 d6 11. b4 Nd7 12. Bb2 Qe8 13. Rfd1 Qg6 14. c5 Bd5 15. Nc3 Nxc3 16. Qxc3 bxc5 17. dxc5 dxc5 18. bxc5 Nxc5 19. Rxd5 exd5 20. Qe5 Qf7 21. Qg3 Bf6 22. Ne5 Qe6 23. f4 Rab8 24. Ra2 Ne4 25. Qh3 Bxe5 26. Bxe5 Rb1+ 27. Bf1 c5 28. g4 fxg4 29. Qh4 Qa6 30. Rf2 Nxf2 31. Qxf2 g5 32. Kg2 Qxf1+ 33. Qxf1 Rxf1 34. Kxf1 gxf4 35. exf4 Kf7 0-1

[Event "CRO-chT3 Center-A"]
[Site "Zagreb"]
[Date "2011.03.20"]
[Round "2.15"]
[White "Bozicevic, Ivan"]
[Black "Radmanovic, Danijel"]
[Result "1-0"]
[WhiteElo "2011"]
[BlackElo "1924"]
[PlyCount "63"]
[EventDate "2011.03.13"]
[EventType "team-tourn"]
[EventRounds "11"]
[EventCountry "CRO"]
[SourceTitle "EXT 2014"]
[Source "ChessBase"]
[SourceDate "2013.11.20"]
[SourceVersion "1"]
[SourceVersionDate "2013.11.20"]
[SourceQuality "1"]

1. d4 d5 2. c4 e5 3. dxe5 d4 4. Nf3 Nc6 5. g3 Be6 6. Nbd2 Qd7 7. Bg2 Nge7 8. 0-0 Ng6 9. Qa4 Be7 10. a3 0-0 11. b4 Bh3 12. Bb2 Bxg2 13. Kxg2 Qg4 14. Kh1 Rad8 15. Qb5 Rfe8 16. Qxb7 Ncxe5 17. Qxc7 Nxf3 18. exf3 Qf5 19. Rad1 Qd3 20. Kg2 Bd6 21. Qxa7 Bb8 22. Qa5 Ne5 23. Rfe1 Qc2 24. Ba1 Nd3 25. Rf1 f5 26. c5 Rd5 27. Qb5 Rf8 28. Qc4 Qxc4 29. Nxc4 Nf4+ 30. gxf4 d3 31. Ne5 Rfd8 32. Nc6 1-0

[Event "CRO-chT3 Center-A"]
[Site "Zagreb"]
[Date "2011.03.13"]
[Round "1.14"]
[White "Bozicevic, Ivan"]
[Black "Draganic, Stjepan"]
[Result "1/2-1/2"]
[WhiteElo "2011"]
[BlackElo "2157"]
[PlyCount "150"]
[EventDate "2011.03.13"]
[EventType "team-tourn"]
[EventRounds "11"]
[EventCountry "CRO"]
[SourceTitle "EXT 2014"]
[Source "ChessBase"]
[SourceDate "2013.11.20"]
[SourceVersion "1"]
[SourceVersionDate "2013.11.20"]
[SourceQuality "1"]

1. d4 Nf6 2. c4 c5 3. d5 b5 4. cxb5 a6 5. bxa6 g6 6. Nc3 Bxa6 7. Nf3 d6 8. Nd2 Bg7 9. e4 Bxf1 10. Nxf1 Nbd7 11. Ne3 0-0 12. 0-0 Qa5 13. Qc2 Rfb8 14. Bd2 Ne8 15. Rab1 Nc7 16. a3 Qa6 17. f4 Nb5 18. Nxb5 Qxb5 19. Bc3 Qb3 20. Rfc1 Ra4 21. Qxb3 Rxb3 22. Bxg7 Rxe3 23. Bh6 Rb3 24. e5 dxe5 25. fxe5 Re4 26. e6 fxe6 27. dxe6 Rxe6 28. Rc2 Kf7 29. Rd1 Rd6 30. Rcd2 Rxd2 31. Rxd2 Nf6 32. Bf4 Ke6 33. Re2+ Kf5 34. Bc7 Ng4 35. h3 Ne3 36. a4 Nc4 37. a5 Rb7 38. Rc2 Rxc7 39. Rxc4 Ke6 40. b4 Rb7 41. a6 Ra7 42. b5 Kd6 43. Kf2 Ra8 44. Ke3 Rb8 45. a7 Ra8 46. Ra4 Kc7 47. Ra6 Kb7 48. Re6 Kxa7 49. Rxe7+ Kb6 50. Rxh7 Kxb5 51. Rg7 Ra6 52. Ke4 Re6+ 53. Kd5 Rf6 54. g4 Rf3 55. h4 Rd3+ 56. Ke5 Rh3 57. Rh7 Rg3 58. Kf4 Rg1 59. Rh6 Rh1 60. Kg5 c4 61. Rxg6 c3 62. Rg8 c2 63. Rc8 c1Q+ 64. Rxc1 Rxc1 65. h5 Kc6 66. Kg6 Kd6 67. g5 Ke6 68. h6 Rc8 69. h7 Ra8 70. Kg7 Ra7+ 71. Kh6 Ra1 72. g6 Kf5 73. h8Q Rh1+ 74. Kg7 Rxh8 75. Kxh8 Kxg6 1/2-1/2

[Event "Hum na Sutli op"]
[Site "Hum na Sutli"]
[Date "2010.11.20"]
[Round "1"]
[White "Vincelj, Leopold"]
[Black "Bozicevic, Ivan"]
[Result "0-1"]
[WhiteElo "1580"]
[BlackElo "2006"]
[PlyCount "66"]
[EventDate "2010.11.20"]
[EventType "swiss"]
[EventRounds "9"]
[EventCountry "CRO"]
[SourceTitle "CBM 139 Extra"]
[Source "ChessBase"]
[SourceDate "2011.01.05"]
[SourceVersion "1"]
[SourceVersionDate "2011.01.05"]
[SourceQuality "1"]

1. d4 d5 2. Nf3 c5 3. b3 Nc6 4. e3 Nf6 5. Bb2 Bg4 6. Be2 e6 7. h3 Bf5 8. 0-0 Qc7 9. Nc3 a6 10. Rc1 Rd8 11. Nb1 cxd4 12. exd4 Bd6 13. Re1 0-0 14. Bd3 Bxd3 15. cxd3 Bf4 16. Rc2 Qa5 17. Ba1 Nd7 18. g3 Bb8 19. Ree2 Rfe8 20. Kg2 Rc8 21. Bc3 Qb6 22. Qe1 Qd8 23. Qc1 b5 24. Bb2 Nb4 25. Rxc8 Qxc8 26. Qd2 Nxa2 27. Ba3 b4 28. Bb2 Qc6 29. Re1 Rc8 30. Rd1 Qc2 31. Ne1 Qxb3 32. Ba1 a5 33. Qb2 Qxd1 0-1

[Event "CRO-chT3A Center"]
[Site "Zagreb"]
[Date "2010.03.21"]
[Round "1.64"]
[White "Bozicevic, Ivan"]
[Black "Mandl, Nino"]
[Result "0-1"]
[WhiteElo "2067"]
[BlackElo "2088"]
[PlyCount "129"]
[EventDate "2010.03.21"]
[EventType "team-tourn"]
[EventRounds "11"]
[EventCountry "CRO"]
[SourceTitle "EXT 2012"]
[Source "ChessBase"]
[SourceDate "2011.11.24"]
[SourceVersion "1"]
[SourceVersionDate "2011.11.24"]
[SourceQuality "1"]

1. d4 Nf6 2. c4 c5 3. d5 b5 4. cxb5 a6 5. bxa6 Bxa6 6. Nc3 d6 7. Nf3 g6 8. Nd2 Bg7 9. e4 Bxf1 10. Nxf1 0-0 11. Ne3 Nbd7 12. 0-0 Nb6 13. Qc2 Ra6 14. Rb1 Nfd7 15. b3 Bxc3 16. Qxc3 Rxa2 17. Bb2 f6 18. Ra1 Ra8 19. Rxa8 Qxa8 20. Ng4 Qb7 21. f4 Rb8 22. Rf3 Na4 23. bxa4 Qxb2 24. Qxb2 Rxb2 25. Ra3 Nb8 26. Ne3 Na6 27. Kf1 Rb4 28. Ke2 Rxe4 29. g3 Rb4 30. h4 Kf7 31. Nc2 Rb2 32. Kd3 e6 33. dxe6+ Kxe6 34. Kc3 Rb1 35. Rb3 Rxb3+ 36. Kxb3 d5 37. a5 Kd6 38. Ka4 Kc6 39. g4 Nc7 40. g5 f5 41. Ne1 d4 42. Nf3 Kd5 43. Nd2 c4 44. Kb4 c3 45. Nb3 c2 46. Nc1 Ke4 47. Kc4 Ke3 48. Nd3 Na6 49. Nc1 Kxf4 50. Kxd4 Kg3 51. Kc3 Kxh4 52. Kxc2 Kxg5 53. Kd2 Kf6 54. Ke3 Ke6 55. Kd4 h5 56. Ne2 g5 57. Ke3 Ke5 58. Kf3 h4 59. Ng1 Nc5 60. Kg2 g4 61. Ne2 Kd5 62. Nf4+ Kc6 63. Ng6 h3+ 64. Kg3 Ne4+ 65. Kh2 0-1

[Event "CRO-chT3"]
[Site "Zagreb"]
[Date "2009.04.19"]
[Round "5"]
[White "Bozicevic, Ivan"]
[Black "Kustrak, Mladen"]
[Result "0-1"]
[WhiteElo "2066"]
[BlackElo "1999"]
[PlyCount "38"]
[EventDate "2009.03.08"]
[EventType "team-tourn"]
[EventRounds "9"]
[EventCountry "CRO"]
[SourceTitle "EXT 2011"]
[Source "ChessBase"]
[SourceDate "2010.11.26"]
[SourceVersion "1"]
[SourceVersionDate "2010.11.26"]
[SourceQuality "1"]

1. d4 Nf6 2. c4 e5 3. dxe5 Ne4 4. Nd2 Nc5 5. Ngf3 Nc6 6. a3 a5 7. Rb1 Qe7 8. b4 axb4 9. axb4 Na4 10. Qb3 Qxb4 11. Qc2 Qc3 12. Qxc3 Nxc3 13. Rb3 Na2 14. Bb2 Nab4 15. e3 Ra2 16. Bc3 Be7 17. Nd4 Nc2+ 18. Nxc2 Rxc2 19. Bd3 Rc1+ 0-1

[Event "CRO-chT3"]
[Site "Zagreb"]
[Date "2009.03.15"]
[Round "3"]
[White "Kolmanic, Zvonko"]
[Black "Bozicevic, Ivan"]
[Result "1-0"]
[WhiteElo "2041"]
[BlackElo "2066"]
[PlyCount "61"]
[EventDate "2009.03.08"]
[EventType "team-tourn"]
[EventRounds "9"]
[EventCountry "CRO"]
[SourceTitle "EXT 2011"]
[Source "ChessBase"]
[SourceDate "2010.11.26"]
[SourceVersion "1"]
[SourceVersionDate "2010.11.26"]
[SourceQuality "1"]

1. e4 c5 2. Nf3 e6 3. c4 Nc6 4. a3 d6 5. d4 cxd4 6. Nxd4 Nf6 7. Nc3 Be7 8. Be2 0-0 9. Be3 Bd7 10. 0-0 Nxd4 11. Bxd4 Bc6 12. Qd3 d5 13. Bxf6 Bxf6 14. exd5 exd5 15. Nxd5 Bxb2 16. Rab1 Be5 17. Bf3 Qd6 18. h3 Rad8 19. Rfd1 Rfe8 20. Qb3 Qb8 21. Nb4 Bxf3 22. Qxf3 Rxd1+ 23. Rxd1 h6 24. g3 a5 25. Nd3 Bd4 26. Nf4 Bc5 27. Rd7 b6 28. Ne6 f6 29. Rxg7+ Kh8 30. Rh7+ Kxh7 31. Qf5+ 1-0